000 00775nam a2200265Ia 4500
003 OSt
005 20220923225134.0
006 a|||||r|||| 00| 0
007 ta
008 NEP
024 _a258,135
037 _cTextual
040 _aARTS
_cARTS
_bNEP
041 _2NEP
_aNEP
082 _aO1595,1M95w, 152N2
100 _aमगन, 'पथिक'
245 0 _aमित्रसेन
246 _aMitrasena
260 _aदिल्ली
_b साहित्य अकादेमी
_c1992
300 _a96पृ0
_ccm.
650 _a नेपाली कविता
650 _aनेपाली साहित्य
_9156264
942 _hO1595,1M95w, 152N2
_cTEXL
_2CC
999 _c376322
_d376322